Euro 2024: Un joueur par équipe - Statistiques

Statistiques générales
  • Ce quiz a été pris 3 055 fois
  • Le résultat moyen est 18 sur 24
Statistiques - réponses
Hint Réponse % Correct
Warren Zaïre-Emery France
92%
Aymeric Laporte Espagne
90%
Vitinha Portugal
90%
Jamal Musiala Allemagne
89%
Trent Alexander-Arnold Angleterre
89%
Ivan Perišić Croatie
87%
Xherdan Shaqiri Suisse
85%
Georginio Wijnaldum Pays-Bas
84%
Khvicha Kvaratskhelia Géorgie
83%
Hakan Çalhanoğlu Turquie
83%
Yannick Carrasco Belgique
81%
Andrew Robertson Ecosse
81%
Jorginho Italie
81%
Marcel Sabitzer Autriche
76%
Dušan Vlahović Serbie
70%
Nicolae Stanciu Roumanie
68%
Patrik Schick République Tchèque
67%
Artem Dovbyk Ukraine
65%
Milan Škriniar Slovaquie
62%
Thomas Delaney Danemark
61%
Kamil Grosicki Pologne
55%
Berat Djimsiti Albanie
53%
Benjamin Šeško Slovénie
52%
Loïc Négo Hongrie
41%
Aucun quiz correspondant
Distribution des résultats
% des personnes avec chaque résultat
Percentile par nombre de réponses
Votre historique - résultats
Vous n’avez pas pris ce quiz